000 00964nam a2200241 i 4500
001 170716
003 ES-MaACL
005 20250830063853.0
008 090401s1950 sp |||| | spa d
100 1 _aSuárez, Francisco.
_9108560
245 1 0 _aMisterios de la vida de Cristo.
_n2,
_p(Disputas 33-58) /
_c[Francisco Suárez] ; versión castellana de Romualdo Galdós.
260 _aMadrid :
_bLa Editorial Católica,
_c1950.
300 _aXXIV, 1226 p. ;
_c20 cm.
490 1 _aBiblioteca de autores cristianos ;
_v55
490 1 _aObras del eximio doctor Francisco Suárez. 3. Teología cristológica y mariana ;
_v2
650 0 4 _aMariología.
_914794
650 0 4 _aCristología.
_911443
700 1 _aGaldós, Romualdo.
_953357
830 0 0 _aBiblioteca de autores cristianos
_v55
_9178679
830 0 0 _aObras del eximio doctor Francisco Suárez.
_pTeología cristológica y mariana
_v2
_9223065
852 _aES-MaACL
_jJ-53
999 _c170716
_d170716